| 000 | 00449 a2200133 4500 | ||
|---|---|---|---|
| 082 | _a625.73 NAT | ||
| 110 |
_aN.R.B.N.R.C.N.A.S _943638 |
||
| 245 |
_aTRANSPORTATION RESEARCH RECORD NO. 945 _bPhotogrammetry, water quality. |
||
| 260 |
_aWASHINGTON _bTHE WORLD BANK _c1983 |
||
| 300 | _a58 P, PB, ILL | ||
| 500 | _aSUBGRADE MOISTURE: SOIL PROPERTIES FOUNDATIONS TUNNEL REINFORCEMENT | ||
| 526 |
_a0 _b0 _c0 _d625_730000000000000_NAT |
||
| 942 |
_2ddc _cBKB |
||
| 999 |
_c547442 _d547442 |
||